Les zones dans ''The legend of zelda : Twilignt Princess" - Statistiques

Statistiques générales
  • Ce quiz a été pris 113 fois
  • Le résultat moyen est 16 sur 39
Statistiques - réponses
Réponse % Correct
Château d'Hyrule
85%
Forêt de Fironne
76%
Plaine d'Hyrule
69%
Célestia
68%
Tour du Jugement
68%
Désert Gerudo
66%
Village de Toal
66%
Temple du Temps
65%
Village Cocorico
65%
Montagne de la mort
63%
Temple Sylvestre
62%
Mine Goron
59%
Temple Abyssal
59%
Citadelle d'Hyrule
53%
Ruines des Pics Blancs
53%
Village Oublié
49%
Palais du crépuscule
47%
Pics Blancs
43%
Village Zora
43%
Caverne de l'ordalie
41%
Pont d'Ordinn
31%
Bergerie
29%
Rivière Zora
29%
Crépuscule
28%
Source de Firone
28%
Source de Latouane
28%
Source d'Ordinn
28%
Source de Lanelle
26%
Chambre du miroir
22%
Cimetière Cocorico
22%
Maison de Link
22%
Taverne de Telma
18%
Royaume du crépuscule
15%
Gorges de Cocorico
12%
Région de Lanelle
12%
Région de Latouane
12%
Région d'Ordinn
12%
Forêt de Toal
7%
Royaume d'Hyrule
6%
Aucun quiz correspondant
Distribution des résultats
% des personnes avec chaque résultat
Percentile par nombre de réponses
Votre historique - résultats
Vous n’avez pas pris ce quiz